000 00386nam a22001697a 4500
005 20160621150037.0
008 160621b xxu||||| |||| 00| 0 eng d
020 _a81-85814-59-7
041 _aeng
082 _b8774
100 _aWakhliu, Bhart
_92408
245 _aTotal Quality
260 _bWeelar Publishing
_c1995
300 _a269
650 _aManagement
_9241
942 _cBK
999 _c3407
_d3406